Statistics for Countries that Star Wars was Filmed in

Click here to take the quiz!

General Stats

  • This quiz has been taken 17 times
  • The average score is 10 of 17

Answer Stats

Sample Place / Scene Country % Correct
Forest scenes on EndorUnited States
100%
TakodanaUnited Kingdom
88%
Naboo Royal PalaceItaly
88%
Tusken Raiders attack LukeTunisia
81%
most of KashyyykChina
81%
Battle of HothNorway
81%
NeedSpain
69%
Rey's Jedi trainingIreland
69%
Starkiller BaseIceland
63%
some of KashyyykThailand
56%
Battle of CraitBolivia
50%
AlderaanSwitzerland
50%
PasaanaJordan
38%
JakkuUnited Arab Emirates
38%
Yavin 4 Rebel BaseGuatemala
25%
Canto BightCroatia
19%
ScarifMaldives
19%

Score Distribution

Percentile by Number Answered

Percent of People with Each Score

Your Score History

You have not taken this quiz